Normal view
MARC view
- Dhoble, R K
Entry Personal Name
001 - CONTROL NUMBER
- control field: 7657
003 - CONTROL NUMBER IDENTIFIER
- control field: OSt
005 - DATE AND TIME OF LATEST TRANSACTION
- control field: 20250802124508.0
008 - FIXED-LENGTH DATA ELEMENTS
- fixed length control field: 250802|| aca||aabn | a|a d
040 ## - CATALOGING SOURCE
- Original cataloging agency: OSt
- Transcribing agency: OSt
100 ## - HEADING--PERSONAL NAME
- Personal name: Dhoble, R K
670 ## - SOURCE DATA FOUND
- Source citation: Work cat.: (OSt)3193: Dharmdhikari, D S . 7656, Design of steel and timber structure / , 1985.
